000 00405nam a2200133Ia 4500
008 100328s9999 xx 000 0 und d
082 _b8197
100 _aआपटे ह.ना.
245 _aमुण्डकोपनिषते
260 _bआनंदाश्रम
630 _aमुण्डकोपनिषते
730 _aमुण्डकोपनिषते
942 _cBOOK
999 _c503988
_d503985